Der Bergbau und Hüttenbetrieb in kaufmännischer und technischer Hinsicht
Gespeichert in:
| Format: | Buch |
|---|---|
| Sprache: | Deutsch |
| Veröffentlicht: |
Leipzig
L. Huberti
[s.a.]
|
| Tags: |
Keine Tags, Fügen Sie das erste Tag hinzu!
|
MARC
| LEADER | 00000nam a2200000 4500 | ||
|---|---|---|---|
| 001 | 0307465 | ||
| 005 | 20250304130101.1 | ||
| 041 | 0 | |a ger | |
| 044 | |a DE | ||
| 245 | 1 | 0 | |a Der Bergbau und Hüttenbetrieb in kaufmännischer und technischer Hinsicht |c Karl Ilse |
| 264 | 1 | |a Leipzig |b L. Huberti |c [s.a.] | |